Normal view
MARC view
- H. S . Pathak
Entry Personal Name
001 - CONTROL NUMBER
- control field: 4589
003 - CONTROL NUMBER IDENTIFIER
- control field: OSt
005 - DATE AND TIME OF LATEST TRANSACTION
- control field: 20220530061538.0
008 - FIXED-LENGTH DATA ELEMENTS
- fixed length control field: 220530|| aca||aabn | a|a d
040 ## - CATALOGING SOURCE
- Original cataloging agency: OSt
- Transcribing agency: OSt
100 ## - HEADING--PERSONAL NAME
- Personal name: H. S . Pathak
670 ## - SOURCE DATA FOUND
- Source citation: Work cat.: (OSt)3399: Pathak, Harshendu S. 4588, The Indian Contract Act/ , c1990
